|
|
|
|
| LEADER |
00000cam a2200000 a 4500 |
| 001 |
vtls009876808 |
| 003 |
SK-MaSNL |
| 005 |
20260331205133.0 |
| 008 |
251120s2005 xo a rj f000 0 slo |
| 013 |
|
|
|a 284740
|b gw
|c patent
|d 20051006
|e dátum nadobudnutia účinkov patentu (Vestník ÚPV SR č.: 10/2005)
|
| 013 |
|
|
|a 1298-2001
|e číslo prihlášky
|d 20000313
|e dátum podania prihlášky
|d 20020107
|e dátum zverejnenia prihlášky (Vestník ÚPV SR č.: 01/2002)
|
| 013 |
|
|
|a 199 11 227.4
|e číslo prioritnej prihlášky
|d 19990313
|e dátum podania prioritnej prihlášky
|b DE
|e kód krajiny prioritnej prihlášky
|
| 015 |
|
|
|a SNBN2014
|
| 035 |
|
|
|a (SVKBBclas03)vtls000227090
|
| 040 |
|
|
|a SNK
|b slo
|c SNK
|e AACR2
|
| 041 |
0 |
|
|a slo
|
| 044 |
|
|
|a xo
|c SK
|
| 072 |
|
7 |
|a 623
|x Vojenská technika
|2 konspekt
|
| 072 |
|
7 |
|a 355/359
|x Vojenstvo. Obrana krajiny. Ozbrojené sily
|2 konspekt
|
| 072 |
|
7 |
|a 620.1/.2
|x Náuka o materiáli
|2 konspekt
|
| 080 |
|
|
|a 623.77
|2 2001
|
| 080 |
|
|
|a 620.2-037
|2 2001
|
| 080 |
|
|
|a 355.665
|2 2001
|
| 084 |
|
|
|a F41H 3/02
|2 IPC
|
| 100 |
1 |
|
|a Bechtold, Willi
|4 org
|9 540373
|
| 245 |
1 |
0 |
|a Univerzálny maskovací materiál na maskovací odev a na maskovanie
|c Willi Bechtold, Adrian Wenger ; patent. zást. Rott, Růžička & Guttmann
|
| 260 |
|
|
|a [Banská Bystrica]
|b Úrad priemyselného vlastníctva SR
|c [2005]
|
| 300 |
|
|
|a [14] s.
|b obr.
|c 30 cm
|
| 650 |
0 |
7 |
|a maskovanie (vojenstvo)
|2 SNKPH
|9 540374
|
| 650 |
0 |
7 |
|a Camouflage (military science)
|2 SNKPHeng
|9 540375
|
| 650 |
0 |
7 |
|a textilné materiály
|2 SNKPH
|9 86799
|
| 650 |
0 |
7 |
|a Textile materials
|2 SNKPHeng
|9 314285
|
| 650 |
0 |
7 |
|a vojenské odevy
|2 SNKPH
|9 99185
|
| 650 |
0 |
7 |
|a Military clothing
|2 SNKPHeng
|9 415321
|
| 655 |
|
7 |
|a patenty
|2 SNKPH
|9 177343
|
| 655 |
|
7 |
|a patent licenses
|2 SNKPHeng
|9 303430
|
| 700 |
1 |
|
|a Wenger Adrian
|4 org
|9 540376
|
| 710 |
2 |
|
|a Stamoid-AG (Eglisau, Švajčiarsko)
|4 pth
|9 540377
|
| 710 |
2 |
|
|a Lanz-Anliker (Rohrbach, Švajčiarsko)
|4 pth
|9 540378
|
| 710 |
2 |
|
|a Rott, Růžička & Guttmann (Bratislava, Slovensko)
|4 oth
|9 161299
|
| 999 |
|
|
|c 831732
|d 833662
|
| 952 |
|
|
|a SNK
|b SNK
|y PREZ
|7 0
|p 17A0493885
|o snkSK 284740
|i snk2006/8713
|8 0
|0 0
|1 0
|4 0
|d 2006-04-27
|l 0
|r 2026-02-24 03:41:18
|w 2026-02-24
|